Version Cartoon - Etats des Etats-Unis - Statistiques

Statistiques générales
  • Ce quiz a été pris 2 346 fois
  • Le résultat moyen est 7 sur 12
Statistiques - réponses
Par images Réponse % Correct
Idaho
86%
Louisiane
77%
Kentucky
68%
Utah
68%
Wyoming
64%
Massachusetts
59%
New Jersey
57%
Minnesota
52%
New Hampshire
51%
Pennsylvanie 
39%
Caroline du Sud
35%
Iowa
31%
Aucun quiz correspondant
Distribution des résultats
% des personnes avec chaque résultat
Percentile par nombre de réponses
Votre historique - résultats
Vous n’avez pas pris ce quiz